000 00257nam a2200097Ia 4500
001 807690
005 20250826171236.0
008 250824s9999 xx 000 0 und d
245 0 _aVALİDE SULTANLAR VE HAREM
_cAHMET ŞİMŞİRGİL
260 _bTİMAŞ YAYINLARI
999 _c807690
_d807690